| 000 -LEADER |
| fixed length control field |
03244 a2200361 4500 |
| 003 - CONTROL NUMBER IDENTIFIER |
| control field |
Nust |
| 005 - DATE AND TIME OF LATEST TRANSACTION |
| control field |
20170207154052.0 |
| 020 ## - INTERNATIONAL STANDARD BOOK NUMBER |
| International Standard Book Number |
978-0-470-47374-0 |
| 020 ## - INTERNATIONAL STANDARD BOOK NUMBER |
| International Standard Book Number |
978-0-470-47374-0 |
| 035 ## - SYSTEM CONTROL NUMBER |
| System control number |
(AU-PeEL)EBL427871 |
| 035 ## - SYSTEM CONTROL NUMBER |
| System control number |
(OCoLC)476271196 |
| 040 ## - CATALOGING SOURCE |
| Transcribing agency |
Nust |
| 082 00 - DEWEY DECIMAL CLASSIFICATION NUMBER |
| Classification number |
332.6 |
| -- |
332.60973 |
| 100 1# - MAIN ENTRY--PERSONAL NAME |
| Personal name |
Matthew Tuttle |
| 245 10 - TITLE STATEMENT |
| Title |
How Harvard and Yale Beat the Market : What Individual Investors Can Learn From the Investment Strategies of the Most Successful University Endowments.(E-Book) |
| Medium |
[Elektronisk resurs] : |
| Statement of responsibility, etc. |
Matthew Tuttle |
| 260 ## - PUBLICATION, DISTRIBUTION, ETC. |
| Place of publication, distribution, etc. |
Hoboken : |
| Name of publisher, distributor, etc. |
John Wiley & Sons, Inc., |
| Date of publication, distribution, etc. |
2009. |
| 300 ## - PHYSICAL DESCRIPTION |
| Extent |
1 online resource (291 p.) |
| 500 ## - GENERAL NOTE |
| General note |
Description based upon print version of record. |
| 505 0# - FORMATTED CONTENTS NOTE |
| Formatted contents note |
Chapter 20: Putting It All TogetherChapter 21: Putting It in Writing; Final Thoughts; Appendix; About the Author; Index; |
| 505 0# - FORMATTED CONTENTS NOTE |
| Formatted contents note |
Chapter 7: Mutual Funds, Separately Managed Accounts, Exchange-Traded Funds, and Exchange-Traded NotesChapter 8: Structured Products; Chapter 9: Hedge Funds and Funds of Funds; Part III: ENDOWMENT ASSET CLASSES AND INVESTING STRATEGIES; Chapter 10: Absolute Return; Chapter 11: Stocks; Chapter 12: Bonds; Chapter 13: Real Assets and Commodities; Chapter 14: Managed Futures; Chapter 15: Private Equity; Chapter 16: Managing Some of Your Money In-House; Chapter 17: Portable Alpha; Part IV: DESIGNING YOUR PORTFOLIO; Chapter 18: Suggested Allocations; Chapter 19: Choosing and Managing Money Managers |
| 505 0# - FORMATTED CONTENTS NOTE |
| Formatted contents note |
How Harvard and Yale Beat the Market: What Individual Investors Can Learn from University Endowments to Help them Prosper in an Uncertain Market; Contents; Acknowledgments; Introduction; Part I: INVESTMENT 101; Chapter 1: The Current Environment and the Need for New Thinking; Chapter 2: Common Investment Mistakes; Chapter 3: Diversification; Chapter 4: Skill-Based Money Managers versus Style Box-Based Money Managers; Chapter 5: Introduction to the Endowment Philosophy; Chapter 6: Why Large Endowments Outperform the Market and How You Can, Too!; Part II: INVESTMENT VEHICLES |
| 520 ## - SUMMARY, ETC. |
| Summary, etc. |
Praise for How Harvard and Yale Beat the Market "How Harvard and Yale Beat the Market is a must-read for anyone managing his own or other people's money. It demystifies new investments such as hedge funds and principal-protected products. This engaging handbook belongs in every investor's library."-Deborah Weir, Parker Global Strategies, author of Timing the Market: How to Profit in the Stock Market Using the Yield Curve, Technical Analysis, and Cultural Indicators In today's volatile market, investors are looking for new ways to lower their risk profile. For author Matthew Tuttle, the best |
| 650 #4 - SUBJECT ADDED ENTRY--TOPICAL TERM |
| Topical term or geographic name entry element |
Harvard University -- Endowments. |
| 650 #4 - SUBJECT ADDED ENTRY--TOPICAL TERM |
| Topical term or geographic name entry element |
Institutional investments -- United States. |
| 650 #4 - SUBJECT ADDED ENTRY--TOPICAL TERM |
| Topical term or geographic name entry element |
Institutional investments. |
| 650 #4 - SUBJECT ADDED ENTRY--TOPICAL TERM |
| Topical term or geographic name entry element |
Investments -- United States. |
| 650 #4 - SUBJECT ADDED ENTRY--TOPICAL TERM |
| Topical term or geographic name entry element |
Investments. |
| 650 #4 - SUBJECT ADDED ENTRY--TOPICAL TERM |
| Topical term or geographic name entry element |
Portfolio management -- United States. |
| 650 #4 - SUBJECT ADDED ENTRY--TOPICAL TERM |
| Topical term or geographic name entry element |
Portfolio management. |
| 650 #4 - SUBJECT ADDED ENTRY--TOPICAL TERM |
| Topical term or geographic name entry element |
Yale University -- Endowments. |
| 651 ## - SUBJECT ADDED ENTRY--GEOGRAPHIC NAME |
| Geographic name |
How Harvard and Yale Beat the Market : What Individual Investors Can Learn From the Investment Strategies of the Most Successful University Endowments.(E-Book) |
| 655 #0 - INDEX TERM--GENRE/FORM |
| Genre/form data or focus term |
Electronic books. |
| 942 ## - ADDED ENTRY ELEMENTS (KOHA) |
| Source of classification or shelving scheme |
|
| Koha item type |
Book |